000 00799nam a22002297a 4500
999 _c5052
_d5052
003 AR-CdUCM
008 190311b ||||| |||| 00| 0 spa d
040 _aMUNICIPALIDAD PROVINCIAL DEL CUSCO
_cBIBLIOTECA MUNICIPAL DEL CUSCO
082 _a869.56 /
_bG18
100 _aGambetta, Fredy
_915182
245 _aRumor del Caplina :
_bEl orígen, el paisaje, los pueblos cercanos, los hombres, las cosas /
260 _aTacna :
_bImpr. Southern Perú Copper Corporation,
_c1977.
300 _a29 paginas ;
_c21 cm.
500 _aDonación familia Nieto
505 _aContenido :Poesías peruanas /
650 _aLiteratura peruana
_97175
650 _aPoesías
_92272
650 _aSiglo XX
_98
710 _aSouthern Peru Copper Corporation (Lima)
_915427
942 _2ddc
_cLIBROS
945 _arjall